Poznáme plusy a mínusy v systéme sústavného vzdelávania SLeK a vieme ako ďalej?

Bibliographic Details
Main Author: Kmeťová, Anna (Author)
Format: Article
Language:Slovak
PhysicalDescription:Obr.
ISSN:1335-924X
Subjects:

MARC

LEADER 00000nab a2200000 a 4500
001 vtls000856446
003 SK-MaSNL
005 20260304131909.0
008 250429c2003 xo 0 slo
015 |a SNBRB2003/12-ccccc 
035 |a CLN000208101 
035 |a urn:nbn:sk:snk-ab2k32 
035 |a (urnnbn)urn:nbn:sk:snk:ar-a02je8 
035 |a (uuid)1b6fe7e1-c33f-4255-a141-6f91924b1bae 
040 |a SNKBUCL  |b slo  |c SNKBUCL  |e AACR2 
041 0 |a slo 
044 |a xo  |c SK 
080 |a 615.15:37.044"731"  |2 1997 
100 1 |a Kmeťová, Anna  |4 aut  |9 265828 
245 1 0 |a Poznáme plusy a mínusy v systéme sústavného vzdelávania SLeK a vieme ako ďalej?  |c Anna Kmeťová 
300 |b Obr. 
504 |a Res. slov. 
650 0 7 |a štúdium farmácie, kontinuálne  |x organizácia a riadenie  |2 MESH  |9 1445979 
650 0 7 |a farmaceuti  |x organizácia a riadenie  |2 MESH  |9 1428175 
650 0 7 |a vzdelávanie kontinuálne  |x organizácia a riadenie  |2 MESH  |9 1208313 
655 7 |a články z novín a časopisov  |2 snkbucl  |9 267496 
773 0 |t Lekárnik  |g Roč. 8, č. 9 (2003), s. 44-46  |x 1335-924X 
850 |a Slovenská národná knižnica 
852 |a Slovenská národná knižnica 
954 |a odborná, vedecká literatúra pôvodná (slovenská)  |2 lita 
958 |a article27 
958 |a OND 
958 |a MI 
958 |a EUIPO 
992 |a RBX 
999 |c 2897910  |d 2899840